Größte Stadt auf dieser Insel #2 - Statistiken

Allgemein
  • Dieses Quiz wurde 212 mal gespielt
  • Das Durchschnittsergebnis liegt bei 13 aus 21
Antwortstatistiken
Insel Größte Stadt % Korrekt
Kuba Havanna
97%
Zypern Nikosia
95%
Sizilien Palermo
93%
Mallorca Palma
93%
Jamaika Kingston
92%
Sri Lanka Colombo
88%
Honshū Tokio
85%
Java Jakarta
77%
Bahrain Manama
74%
Sardinien Cagliari
65%
Korsika Ajaccio
64%
Grönland Nuuk
64%
Oahu Honolulu
59%
Südinsel Christchurch
58%
Kreta Iraklio
58%
Teneriffa Santa Cruz de Tenerife
38%
Neufundland St.John's
26%
Cebu Cebu
23%
Bornholm Rønne
16%
Sachalin Juschno-Sachalinsk
9%
Saint Helena Half Tree Hollow
1%
Keine übereinstimmenden Quizze gefunden
Verteilung der Resultate
Anzahl Personen mit jedem Resultat
Perzentil nach korrekt beantworteten Fragen
Ihre Resultats-Entwicklung
Sie haben dieses Quiz noch nicht gespielt